Практикум по основам экономической теории (Запись № 319659)

Подробности
000 -МАРКЕР
контрольное поле 01846nam0a2200325 4500
001 - ИДЕНТИФИКАТОР ЗАПИСИ
контрольное поле RU\NLR\bibl\60365
005 - ИДЕНТИФИКАТОР ВЕРСИИ
контрольное поле 20260407132225.0
010 ## - МЕЖДУНАРОДНЫЙ СТАНДАРТНЫЙ НОМЕР КНИГИ (ISBN)
Номер (ISBN) 5-7755-0067-9
Тираж 15000
021 ## - НОМЕР ГОСУДАРСТВЕННОЙ РЕГИСТРАЦИИ
Код страны Российская Федерация
Номер 99-39723
Номер Листа государственной регистраци 1961
035 ## - ДРУГИЕ СИСТЕМНЫЕ НОМЕРА
Идентификатор записи (NLR Aleph) 000058880
100 ## - ДАННЫЕ ОБЩЕЙ ОБРАБОТКИ
Данные общей обработки 19991123d1999 |||y0rusy50 ca
101 0# - ЯЗЫК РЕСУРСА
Язык текста, звукозаписи и т.д. русский
102 ## - СТРАНА ПУБЛИКАЦИИ ИЛИ ПРОИЗВОДСТВА
Страна публикации Российская Федерация
105 ## - ПОЛЕ КОДИРОВАННЫХ ДАННЫХ: ТЕКСТОВЫЕ МАТЕРИАЛЫ, МОНОГРАФИЧЕСКИЕ
Кодированные данные о монографическом текстовом документе a |||||||||
200 1# - ЗАГЛАВИЕ И СВЕДЕНИЯ ОБ ОТВЕТСТВЕННОСТИ
Основное заглавие Практикум по основам экономической теории
Сведения, относящиеся к заглавию Учеб. пособие для 10-11 кл. общеобразоват. шк. с углубл. изучением экономики
Первые сведения об ответственности Гос. ун-т Высш. шк. экономики
Последующие сведения об ответственности [Подгот. д.э.н., проф. С.И. Иванов и др.]
-- Под ред. д.э.н., проф. С.И. Иванова
210 ## - ПУБЛИКАЦИЯ, РАСПРОСТРАНЕНИЕ И ДР.
Место издания, распространения и т.д. М.
Имя издателя, распространителя и т. д. Вита-Пресс
Дата издания, распространения и т.д. 1999
215 ## - ФИЗИЧЕСКАЯ ХАРАКТЕРИСТИКА
Специфическое обозначение материала и объем 271 с.
Другие сведения о физической характеристике ил.
Размеры 21
300 ## - ОБЩИЕ ПРИМЕЧАНИЯ
Текст примечания На обороте тит. л. и на обл. в надзаг.: Федер. целевая программа книгоизд. России, Tacis
606 0# - НАИМЕНОВАНИЕ ТЕМЫ КАК ПРЕДМЕТ
Наименование темы Экономика
Формальный подзаголовок Руководства, пособия и т.п. для средней школы
Тематический подзаголовок Теория
Системный номер авторитетной/нормативной записи 1565397
Идентификатор авторитетной/нормативной записи RU\NLR\auth\66985247
606 0# - НАИМЕНОВАНИЕ ТЕМЫ КАК ПРЕДМЕТ
Наименование темы Экономика
Формальный подзаголовок Учебные издания для средней школы
Тематический подзаголовок Теория
Системный номер авторитетной/нормативной записи 1565397
Идентификатор авторитетной/нормативной записи RU\NLR\auth\66985247
686 ## - ИНДЕКСЫ ДРУГИХ КЛАССИФИКАЦИЙ
Индекс У010я721-1
702 #1 - ИМЯ ЛИЦА - ВТОРИЧНАЯ ОТВЕТСТВЕННОСТЬ
Код отношения Составитель
Графика поля Кириллица
Материалы, к которым относится поле rus
Начальный элемент ввода Иванов
Часть имени, кроме начального элемента ввода С. И.
Дополнения к именам, кроме дат д-р экон. наук, экон. теория
Даты 1927-
Расширение инициалов личного имени Сергей Иванович
Системный номер авторитетной/нормативной записи 14205
Идентификатор авторитетной/нормативной записи RU\NLR\auth\7731194
712 02 - НАИМЕНОВАНИЕ ОРГАНИЗАЦИИ - ВТОРИЧНАЯ ОТВЕТСТВЕННОСТЬ
Код отношения Прочие
Начальный элемент ввода Государственный университет - Высшая школа экономики
Идентифицирующий признак Москва
Системный номер авторитетной/нормативной записи 481860
Идентификатор авторитетной/нормативной записи RU\NLR\AUTH\889992758
801 #0 - ИСТОЧНИК ЗАПИСИ
Страна Российская Федерация
Организация NLR
Дата составления 19991123
Правила каталогизации PSBO
801 #1 - ИСТОЧНИК ЗАПИСИ
Страна Российская Федерация
Организация NLR
Дата составления 19991123
852 ## - МЕСТОНАХОЖДЕНИЕ И ШИФР ХРАНЕНИЯ
Идентификатор организации NLR
Шифр хранения (Call Number) 99-5/3751
942 ## - ДОПОЛНИТЕЛЬНЫЕ ЭЛЕМЕНТЫ ЗАПИСИ (АБИС)
Тип экземпляра АБИС Книга
980 ## - КОЛЛЕКЦИЯ
Название коллекции Национальная библиография
Экземпляры
Тип экземпляра Дата поступления Источник поступления Стоимость Библиотека постоянного хранения Библиотека текущего хранения Место хранения Штрих-код Статус экземпляра
Книга 27.08.2004 Подсобные фонды РНБ 18.27 РНБ (Садовая) РНБ (Садовая) Макулатура 740547